00374nam a2200181Ia 4500003000900000008004100009040001300050040001300063041000800076100002300084245002800107250000900135260001200144260000900156300001100165300001000176490000600186IT-RoPAU120407s9999 xx 000 0 und d aIT-RoPAU cIT-RoPAU aita aSalvatore Garofalo aPietro nell’Evangelo. aRoma aColetti c1964 a175 p. c21 cm v1